| 000 | 00512nam a2200217Ia 4500 | ||
|---|---|---|---|
| 003 | OSt | ||
| 005 | 20221105112832.0 | ||
| 008 | 210210b1993 xxu||||| |||| 00| 0 eng d | ||
| 020 | _a0333417682 | ||
| 040 | _cAL | ||
| 041 | _aEnglish | ||
| 082 | _a576 STAG | ||
| 100 |
_aSTANIER (Roger Y) and others _961162 |
||
| 245 | _aGeneral microbiology | ||
| 250 | _a5 | ||
| 260 |
_aLondon _bMacmillan & Co. Ltd. _c1993 |
||
| 300 | _axiv,689 | ||
| 690 |
_aMicrobiology _961163 |
||
| 906 | _a048891 | ||
| 942 |
_2ddc _cBK |
||
| 999 |
_c97871 _d97871 |
||